[Event "2. Rethymno Open"]
[Site "Rethymno GRE"]
[Date "2010.07.19"]
[Round "8.29"]
[White "Haugli, Petter"]
[Black "Lakunza Plazaola, Asier"]
[Result "1-0"]
[WhiteElo "2301"]
[BlackElo "2131"]
[PlyCount "91"]
[EventDate "2010.07.13"]
[EventType "swiss"]
[EventRounds "9"]
[EventCountry "GRE"]
[Source "lmi"]
[SourceDate "2010.07.13"]

1. d4 Nf6 2. c4 e6 3. Nc3 Bb4 4. Qc2 c5 5. dxc5 O-O 6. Nf3 Bxc5 7. Bf4 Nc6 8.
e3 a6 9. a3 Be7 10. Bd3 h6 11. h3 d6 12. O-O b6 13. Rfd1 Ra7 14. e4 Rd7 15.
Rac1 Bb7 16. b4 Qb8 17. Na4 Bd8 18. c5 e5 19. Be3 dxc5 20. bxc5 b5 21. Nc3 Ne7
22. Rb1 Ba5 23. a4 b4 24. Na2 Rxd3 25. Qxd3 Bxe4 26. Qxa6 Bxb1 27. Rxb1 Qc7 28.
Nxe5 Nfd5 29. Nc4 Nc6 30. Bd2 Rb8 31. Nc1 Rb7 32. Nd6 Ra7 33. Qc4 Nc3 34. Bxc3
bxc3 35. Nb5 Qb8 36. Nxc3 Qe5 37. N1e2 Bc7 38. g3 Qf5 39. Qd5 Qg6 40. Kg2 Ra8
41. Nd4 Ra6 42. Nxc6 Rxc6 43. Re1 Ba5 44. Re8+ Kh7 45. Ne4 Bb4 46. h4 1-0

[Event "2. Rethymno Open"]
[Site "Rethymno GRE"]
[Date "2010.07.19"]
[Round "8.30"]
[White "Arnold, Max"]
[Black "Sgnaolin, Davide"]
[Result "0-1"]
[WhiteElo "1951"]
[BlackElo "2255"]
[PlyCount "114"]
[EventDate "2010.07.13"]
[EventType "swiss"]
[EventRounds "9"]
[EventCountry "GRE"]
[Source "lmi"]
[SourceDate "2010.07.13"]

1. e4 c5 2. Nf3 Nc6 3. d4 cxd4 4. Nxd4 g6 5. Nc3 Bg7 6. Be3 Nf6 7. Bc4 O-O 8.
Bb3 a5 9. O-O Nxd4 10. Bxd4 d6 11. a4 Bd7 12. f4 Bc6 13. Qd3 Nd7 14. Bxg7 Kxg7
15. Nd5 Bxd5 16. exd5 Qb6+ 17. Kh1 f6 18. Rae1 Rf7 19. Re3 Nc5 20. Qe2 Kf8 21.
Re1 Qd8 22. h4 f5 23. h5 Ne4 24. hxg6 hxg6 25. Rh3 Qb6 26. Kh2 Kg7 27. Qe3 Qb4
28. Rd1 Rh8 29. Qd4+ Qxd4 30. Rxd4 Rxh3+ 31. gxh3 Kf6 32. c3 Rh7 33. Kg2 Rh4
34. Bd1 Rxf4 35. Bf3 Ke5 36. Rd1 g5 37. b4 b6 38. bxa5 bxa5 39. c4 g4 40. hxg4
fxg4 41. Bxe4 Rxe4 42. Rc1 Kd4 43. Rb1 Kxc4 44. Rb5 Rd4 45. Rxa5 Rxd5 46. Ra8
e5 47. Kg3 Kd3 48. Kxg4 e4 49. a5 e3 50. a6 e2 51. Re8 Re5 52. Rxe5 dxe5 53. a7
e1=Q 54. a8=Q Qe4+ 55. Qxe4+ Kxe4 56. Kg3 Ke3 57. Kg2 e4 0-1

[Event "2. Rethymno Open"]
[Site "Rethymno GRE"]
[Date "2010.07.20"]
[Round "9.1"]
[White "Khotenashvili, Bela"]
[Black "Sargissian, Gabriel"]
[Result "1/2-1/2"]
[WhiteElo "2423"]
[BlackElo "2673"]
[PlyCount "44"]
[EventDate "2010.07.13"]
[EventType "swiss"]
[EventRounds "9"]
[EventCountry "GRE"]
[Source "lmi"]
[SourceDate "2010.07.13"]

1. d4 d5 2. Nf3 Nf6 3. g3 c6 4. Bg2 Bf5 5. c4 e6 6. Nc3 h6 7. cxd5 exd5 8. O-O
Nbd7 9. Re1 Be7 10. a3 a5 11. Nd2 O-O 12. e4 dxe4 13. Ndxe4 Be6 14. Bf4 Nxe4
15. Bxe4 Nf6 16. Bc2 Bd6 17. Be5 Re8 18. Qd3 Bxe5 19. Rxe5 g6 20. Qd2 Kg7 21.
Rae1 Qd6 22. Ne4 Nxe4 1/2-1/2

[Event "2. Rethymno Open"]
[Site "Rethymno GRE"]
[Date "2010.07.20"]
[Round "9.4"]
[White "Kryvoruchko, Yuriy"]
[Black "Svetushkin, Dmitry"]
[Result "1-0"]
[WhiteElo "2609"]
[BlackElo "2560"]
[PlyCount "109"]
[EventDate "2010.07.13"]
[EventType "swiss"]
[EventRounds "9"]
[EventCountry "GRE"]
[Source "lmi"]
[SourceDate "2010.07.13"]

1. e4 e5 2. Nf3 Nc6 3. Bb5 Nf6 4. d3 Bc5 5. c3 O-O 6. Nbd2 Re8 7. O-O a6 8. Ba4
b5 9. Bb3 d6 10. h3 Bb6 11. Re1 Ne7 12. Nf1 Ng6 13. Ng3 Bb7 14. Nh2 d5 15. Ng4
Nxg4 16. Qxg4 c6 17. Nf5 Bc8 18. Bg5 f6 19. Be3 Bxe3 20. fxe3 Be6 21. exd5 Bxd5
22. h4 Ra7 23. d4 e4 24. Rec1 Nf8 25. c4 bxc4 26. Bxc4 g6 27. Bxd5+ Qxd5 28.
Rc5 Qe6 29. Rac1 h5 30. Qg3 Rd7 31. Nh6+ Kh7 32. Rxc6 Qe7 33. Rf1 Kxh6 34.
Rfxf6 Qg7 35. Rxa6 Kh7 36. b4 Rf7 37. Rfc6 Rd8 38. b5 Rdd7 39. a4 Rb7 40. Rd6
Rf5 41. Rac6 Qf7 42. Kh2 Rf1 43. b6 Ra1 44. Rf6 Qg7 45. Rc7 Rxc7 46. Qxc7 Nd7
47. b7 Nxf6 48. Qxg7+ Kxg7 49. b8=Q Rxa4 50. Kg3 Ra2 51. Qe5 Ra7 52. d5 Rf7 53.
d6 Kg8 54. Qe6 Kg7 55. Kf2 1-0

[Event "2. Rethymno Open"]
[Site "Rethymno GRE"]
[Date "2010.07.20"]
[Round "9.7"]
[White "Banikas, Hristos"]
[Black "Rombaldoni, Denis"]
[Result "1/2-1/2"]
[WhiteElo "2591"]
[BlackElo "2493"]
[PlyCount "120"]
[EventDate "2010.07.13"]
[EventType "swiss"]
[EventRounds "9"]
[EventCountry "GRE"]
[Source "lmi"]
[SourceDate "2010.07.13"]

1. d4 d5 2. c4 c6 3. Nf3 Nf6 4. e3 Bf5 5. Nc3 e6 6. Nh4 Bg6 7. Be2 Nbd7 8. g3
Ne4 9. O-O Nd6 10. b3 Be7 11. Ng2 f5 12. f3 O-O 13. Bb2 Bf7 14. cxd5 exd5 15.
Qc2 Re8 16. Bd3 g6 17. h3 Bf6 18. g4 f4 19. Nxf4 Rxe3 20. Nce2 Qb6 21. Kh1 a5
22. a4 Rc8 23. Qd2 Ree8 24. Bc3 Ra8 25. Ng2 Qd8 26. Qf4 Nf8 27. Qg3 b6 28. Rac1
Ne6 29. Rfd1 c5 30. Bb1 c4 31. bxc4 Nxc4 32. Bd3 Rc8 33. Rb1 Qd7 34. Ra1 Nd8
35. f4 Nb7 36. Ra2 Nbd6 37. Be1 Ne4 38. Qf3 h5 39. gxh5 gxh5 40. Kh2 Ncd6 41.
Ng3 Kg7 42. Ne3 Rh8 43. Rg2 Kf8 44. Nxe4 dxe4 45. Bxe4 Nxe4 46. Qxe4 Re8 47.
Qd3 Qxa4 48. Bf2 Qb3 49. Qf5 Qe6 50. d5 Qxf5 51. Nxf5 Rb8 52. d6 Rg8 53. Rxg8+
Bxg8 54. d7 Be6 55. Rd6 Kf7 56. Nd4 Bxd4 57. Bxd4 Ke7 58. Rxb6 Rxb6 59. Bxb6
Bxd7 60. Bxa5 Kf6 1/2-1/2

[Event "2. Rethymno Open"]
[Site "Rethymno GRE"]
[Date "2010.07.20"]
[Round "9.8"]
[White "Georgiadis, Ioannis"]
[Black "Turov, Maxim"]
[Result "0-1"]
[WhiteElo "2457"]
[BlackElo "2628"]
[PlyCount "70"]
[EventDate "2010.07.13"]
[EventType "swiss"]
[EventRounds "9"]
[EventCountry "GRE"]
[Source "lmi"]
[SourceDate "2010.07.13"]

1. e4 c6 2. d4 d5 3. Nc3 g6 4. h3 Bg7 5. Nf3 dxe4 6. Nxe4 Bf5 7. Ng3 Be6 8. Be2
c5 9. dxc5 Qxd1+ 10. Kxd1 Nd7 11. c3 Nxc5 12. Be3 Rc8 13. Bb5+ Bd7 14. Bxd7+
Nxd7 15. Ke2 Ngf6 16. Rac1 Nd5 17. Bd2 N7b6 18. Rhd1 h6 19. Kf1 f5 20. Ne2 Nc4
21. Be1 Rd8 22. Ned4 Nxb2 23. Ne6 Nxd1 24. Nxd8 N1xc3 25. Nxb7 Kf7 26. Rc2 Rc8
27. a3 g5 28. g4 fxg4 29. hxg4 Rc4 30. Nd8+ Ke8 31. Ne6 Bf6 32. Bxc3 Nxc3 33.
Nd2 Rxg4 34. Nc5 Kf7 35. Nd3 Ra4 0-1

[Event "2. Rethymno Open"]
[Site "Rethymno GRE"]
[Date "2010.07.20"]
[Round "9.9"]
[White "D`costa, Lorin A R"]
[Black "Vorobiov, Evgeny E"]
[Result "0-1"]
[WhiteElo "2456"]
[BlackElo "2592"]
[PlyCount "48"]
[EventDate "2010.07.13"]
[EventType "swiss"]
[EventRounds "9"]
[EventCountry "GRE"]
[Source "lmi"]
[SourceDate "2010.07.13"]

1. d4 Nf6 2. c4 g6 3. Nc3 Bg7 4. e4 d6 5. h3 O-O 6. Nf3 Na6 7. Bg5 c6 8. Be2 e5
9. d5 h6 10. Be3 Nh5 11. g3 cxd5 12. cxd5 f5 13. exf5 gxf5 14. Nd2 f4 15. Bxh5
fxe3 16. fxe3 e4 17. Ndxe4 Qe7 18. Qe2 Bf5 19. Nf2 Qe5 20. Bg4 Bh7 21. O-O-O
Nc5 22. e4 h5 23. Bf5 Rxf5 24. exf5 Qxf5 0-1

[Event "2. Rethymno Open"]
[Site "Rethymno GRE"]
[Date "2010.07.20"]
[Round "9.10"]
[White "Werle, Jan"]
[Black "Richter, Michael"]
[Result "0-1"]
[WhiteElo "2585"]
[BlackElo "2428"]
[PlyCount "86"]
[EventDate "2010.07.13"]
[EventType "swiss"]
[EventRounds "9"]
[EventCountry "GRE"]
[Source "lmi"]
[SourceDate "2010.07.13"]

1. d4 d5 2. c4 c6 3. Nf3 Nf6 4. Nc3 dxc4 5. a4 e6 6. e3 c5 7. Bxc4 Nc6 8. O-O
cxd4 9. exd4 Be7 10. Qe2 O-O 11. Rd1 Nd5 12. Ba2 Ncb4 13. Bb1 Bd7 14. Ne5 Rc8
15. Qe4 f5 16. Qf3 Bf6 17. Bd2 Bxe5 18. dxe5 Qe8 19. Nxd5 Nxd5 20. b3 Bc6 21.
Qe2 b5 22. axb5 Bxb5 23. Bd3 a6 24. Ra5 Rb8 25. h3 f4 26. Qe4 Bxd3 27. Qxd3 f3
28. g3 Qh5 29. Kh2 Qxe5 30. Rxa6 Qe2 31. Be1 Nb4 32. Qxe2 fxe2 33. Rdd6 Nc2 34.
Rxe6 Nxe1 35. Rxe2 Nf3+ 36. Kg2 Rxb3 37. Re7 Nd4 38. Raa7 Nf5 39. Red7 Rb6 40.
g4 Rg6 41. f4 h5 42. Kf3 hxg4+ 43. hxg4 Nh6 0-1

[Event "2. Rethymno Open"]
[Site "Rethymno GRE"]
[Date "2010.07.20"]
[Round "9.11"]
[White "Zubarev, Alexander"]
[Black "Prasanna, Rao"]
[Result "1-0"]
[WhiteElo "2562"]
[BlackElo "2373"]
[PlyCount "97"]
[EventDate "2010.07.13"]
[EventType "swiss"]
[EventRounds "9"]
[EventCountry "GRE"]
[Source "lmi"]
[SourceDate "2010.07.13"]

1. c4 Nf6 2. Nc3 e5 3. Nf3 Nc6 4. a3 d5 5. cxd5 Nxd5 6. e3 g6 7. Qc2 Bg7 8.
Nxd5 Qxd5 9. Bc4 Qd8 10. b4 O-O 11. Bb2 Re8 12. d3 Bf5 13. Nd2 Qg5 14. g3 Qe7
15. Ne4 Rad8 16. h3 Be6 17. g4 a5 18. b5 Na7 19. a4 Bxc4 20. dxc4 f5 21. gxf5
gxf5 22. Ba3 Qf7 23. Ng5 Qg6 24. Rg1 Kh8 25. Bb2 Nc8 26. Nf3 Qh5 27. Rxg7 Kxg7
28. Nxe5 Kf8 29. Qc3 Qh6 30. Ke2 Nd6 31. Rg1 Ne4 32. Ba3+ Rd6 33. Qd4 Qh4 34.
Bxd6+ cxd6 35. Nd3 Ng3+ 36. Kf3 Qxd4 37. exd4 Ne2 38. Re1 Nxd4+ 39. Kf4 Rxe1
40. Nxe1 Kf7 41. Nf3 Nxf3 42. Kxf3 b6 43. Ke3 Ke7 44. Kd4 Ke6 45. h4 h6 46. h5
f4 47. f3 Kf5 48. Kd5 Kg5 49. Kxd6 1-0

[Event "2. Rethymno Open"]
[Site "Rethymno GRE"]
[Date "2010.07.20"]
[Round "9.13"]
[White "Smirnov, Artem"]
[Black "Maiorov, Nikita"]
[Result "0-1"]
[WhiteElo "2446"]
[BlackElo "2532"]
[PlyCount "78"]
[EventDate "2010.07.13"]
[EventType "swiss"]
[EventRounds "9"]
[EventCountry "GRE"]
[Source "lmi"]
[SourceDate "2010.07.13"]

1. Nf3 Nf6 2. c4 b6 3. g3 Bb7 4. Bg2 e6 5. O-O Be7 6. d4 O-O 7. d5 exd5 8. Nh4
c6 9. cxd5 Nxd5 10. Nf5 Nc7 11. e4 d5 12. Nc3 Bf6 13. exd5 cxd5 14. Bf4 Nba6
15. Nd6 Bc6 16. Nxd5 Bxd5 17. Bxd5 Nxd5 18. Qxd5 Nc7 19. Qc6 Ne6 20. Be3 Bxb2
21. Rad1 Qc7 22. Qb5 Ba3 23. Nc4 Bc5 24. Rd7 Qc8 25. Rfd1 a6 26. Qb2 Rb8 27.
Qe5 b5 28. Na5 Bb4 29. Nb3 Rb7 30. R7d5 Re7 31. Qh5 Qc2 32. Nd4 Nxd4 33. R1xd4
Bc3 34. Rh4 Bf6 35. Rg4 g6 36. Qh6 Bg7 37. Qh4 Re6 38. a4 Rxe3 39. fxe3 Qb1+
0-1

[Event "2. Rethymno Open"]
[Site "Rethymno GRE"]
[Date "2010.07.20"]
[Round "9.15"]
[White "Bensdorp, Marlies"]
[Black "Pap, Misa"]
[Result "1/2-1/2"]
[WhiteElo "2301"]
[BlackElo "2509"]
[PlyCount "104"]
[EventDate "2010.07.13"]
[EventType "swiss"]
[EventRounds "9"]
[EventCountry "GRE"]
[Source "lmi"]
[SourceDate "2010.07.13"]

1. d4 Nf6 2. c4 c5 3. d5 b5 4. Qc2 b4 5. e4 d6 6. f4 g6 7. Nf3 Bg7 8. Bd3 O-O
9. O-O a5 10. e5 Ne8 11. Nbd2 Na6 12. Ne4 b3 13. Qxb3 Nb4 14. a3 a4 15. Qd1
Nxd3 16. Qxd3 Rb8 17. Rf2 Rb3 18. Qe2 Bf5 19. Nc3 Qa5 20. Be3 Bg4 21. Ne4 dxe5
22. fxe5 Bxe5 23. Qe1 Qxe1+ 24. Rxe1 Bxf3 25. Rxf3 Rxb2 26. Nxc5 Nf6 27. Nd3
Bc3 28. Nxb2 Bxe1 29. Rf1 Ba5 30. Nxa4 Rb8 31. d6 Ng4 32. Ba7 Rb7 33. dxe7 Rxe7
34. Bb6 Ne3 35. Rb1 Nxc4 36. Bxa5 Nxa5 37. Nc5 Nc4 38. a4 Re5 39. Nd3 Re3 40.
Rd1 Re2 41. Rc1 Ne3 42. Re1 Rxg2+ 43. Kh1 Ra2 44. Rxe3 Rxa4 45. Kg2 Kg7 46. Re7
Ra2+ 47. Nf2 h5 48. h4 Kf6 49. Rb7 Ke6 50. Kf3 Ra3+ 51. Kf4 Ra4+ 52. Kg3 Ra3+
1/2-1/2

[Event "2. Rethymno Open"]
[Site "Rethymno GRE"]
[Date "2010.07.20"]
[Round "9.16"]
[White "Orlov, Andrey"]
[Black "Goumas, Georgios"]
[Result "1-0"]
[WhiteElo "2502"]
[BlackElo "2298"]
[PlyCount "137"]
[EventDate "2010.07.13"]
[EventType "swiss"]
[EventRounds "9"]
[EventCountry "GRE"]
[Source "lmi"]
[SourceDate "2010.07.13"]

1. e4 c5 2. Nc3 d6 3. g3 g6 4. Bg2 Bg7 5. f4 Nc6 6. Nf3 e5 7. d3 Nge7 8. O-O
Nd4 9. h3 O-O 10. Be3 h6 11. Qd2 Kh7 12. Kh2 Be6 13. Rf2 Qd7 14. Nh4 f5 15.
fxe5 dxe5 16. exf5 Nexf5 17. Raf1 Nxh4 18. gxh4 Rxf2 19. Rxf2 Rf8 20. h5 gxh5
21. Ne4 Rxf2 22. Qxf2 Qf7 23. Nxc5 Bxa2 24. Qxf7 Bxf7 25. Nxb7 Nxc2 26. Bxa7
Bg6 27. Nc5 e4 28. dxe4 Bxb2 29. Nd3 Bc3 30. Bf2 Bd4 31. Kg3 Bxf2+ 32. Nxf2 Kg7
33. h4 Kf6 34. Kf4 Nd4 35. Bf3 Ne6+ 36. Ke3 Nc5 37. Kd4 Nd7 38. Nd3 Nf8 39. Bg2
Bf7 40. e5+ Ke7 41. Be4 Ne6+ 42. Ke3 Ng7 43. Nf4 Be6 44. Kd4 Bf7 45. Ng2 Be6
46. Ne3 Bf7 47. Bf5 Be6 48. Bh7 Ba2 49. Nf1 Ne6+ 50. Ke3 Nf8 51. Bf5 Be6 52.
Kf4 Kf7 53. Ng3 Ng6+ 54. Bxg6+ Kxg6 55. Ke4 Bb3 56. Kd4 Kf7 57. Nxh5 Ke6 58.
Ke4 Bc2+ 59. Kf4 Kf7 60. Ng3 Kg6 61. h5+ Kf7 62. Nf5 Bd1 63. Nxh6+ Ke6 64. Ng4
Bc2 65. Nf2 Bh7 66. Nh3 Bc2 67. Ng5+ Ke7 68. h6 Kf8 69. Ke3 1-0

[Event "2. Rethymno Open"]
[Site "Rethymno GRE"]
[Date "2010.07.20"]
[Round "9.17"]
[White "Bellia, Fabrizio"]
[Black "Sulashvili, Malkhaz"]
[Result "1-0"]
[WhiteElo "2376"]
[BlackElo "2498"]
[PlyCount "56"]
[EventDate "2010.07.13"]
[EventType "swiss"]
[EventRounds "9"]
[EventCountry "GRE"]
[Source "lmi"]
[SourceDate "2010.07.13"]

1. e4 c6 2. d4 d5 3. Nc3 dxe4 4. Nxe4 Bf5 5. Ng3 Bg6 6. h4 h6 7. Nf3 Nd7 8. h5
Bh7 9. Bd3 Bxd3 10. Qxd3 e6 11. Bf4 Qa5+ 12. Bd2 Qc7 13. O-O-O O-O-O 14. Ne4
Ngf6 15. g3 Nxe4 16. Qxe4 Nf6 17. Qe2 Bd6 18. c4 c5 19. Bc3 cxd4 20. Bxd4 Bc5
21. Bxc5 Qxc5 22. Ne5 Qc7 23. Kb1 Rxd1+ 24. Rxd1 Rd8 25. Rc1 Kb8 26. f4 Qc5 27.
a3 Nxh5 28. Qxh5 Qe3 1-0

[Event "2. Rethymno Open"]
[Site "Rethymno GRE"]
[Date "2010.07.20"]
[Round "9.18"]
[White "Filip, Lucian"]
[Black "Turova, Irina"]
[Result "1/2-1/2"]
[WhiteElo "2470"]
[BlackElo "2394"]
[PlyCount "56"]
[EventDate "2010.07.13"]
[EventType "swiss"]
[EventRounds "9"]
[EventCountry "GRE"]
[Source "lmi"]
[SourceDate "2010.07.13"]

1. Nf3 Nf6 2. c4 e6 3. g3 a6 4. Bg2 b5 5. b3 Bb7 6. O-O Be7 7. Nc3 b4 8. Na4
O-O 9. d4 Be4 10. Bh3 a5 11. Re1 d6 12. Nd2 Bc6 13. Nb2 e5 14. d5 Be8 15. Nd3
Na6 16. e4 Nd7 17. f4 Bf6 18. Bxd7 Bxd7 19. f5 c6 20. Nf3 cxd5 21. cxd5 Bxf5
22. exf5 e4 23. Rb1 exd3 24. Qxd3 Nc5 25. Qc4 Rc8 26. Qb5 Rb8 27. Qc4 Rc8 28.
Qb5 Rb8 1/2-1/2

[Event "2. Rethymno Open"]
[Site "Rethymno GRE"]
[Date "2010.07.20"]
[Round "9.19"]
[White "Hovhanisian, Mher"]
[Black "Townsend, M Paul"]
[Result "1-0"]
[WhiteElo "2479"]
[BlackElo "2246"]
[PlyCount "50"]
[EventDate "2010.07.13"]
[EventType "swiss"]
[EventRounds "9"]
[EventCountry "GRE"]
[Source "lmi"]
[SourceDate "2010.07.13"]

1. e4 e6 2. d4 d5 3. Nd2 c5 4. Ngf3 Nc6 5. dxc5 Bxc5 6. Bd3 Nf6 7. O-O dxe4 8.
Nxe4 Nxe4 9. Bxe4 Qxd1 10. Rxd1 Bd7 11. c3 a5 12. Ng5 f6 13. Nf7 O-O 14. Rxd7
Rxf7 15. Rxf7 Kxf7 16. Bc2 Rd8 17. Kf1 g5 18. h3 Ne5 19. Ke2 b5 20. Rb1 b4 21.
a3 Rb8 22. axb4 axb4 23. Ra1 Ke7 24. Ra5 Rc8 25. Ra6 Ng6 1-0

[Event "2. Rethymno Open"]
[Site "Rethymno GRE"]
[Date "2010.07.20"]
[Round "9.20"]
[White "Vakhania, Alexandra"]
[Black "Dubov, Daniil"]
[Result "0-1"]
[WhiteElo "2199"]
[BlackElo "2446"]
[PlyCount "96"]
[EventDate "2010.07.13"]
[EventType "swiss"]
[EventRounds "9"]
[EventCountry "GRE"]
[Source "lmi"]
[SourceDate "2010.07.13"]

1. f4 Nf6 2. Nf3 g6 3. e3 Bg7 4. d4 O-O 5. Bd3 d6 6. O-O c5 7. c3 Nc6 8. Qe2 e5
9. dxe5 dxe5 10. e4 Re8 11. fxe5 Ng4 12. Bb5 Bd7 13. e6 Bxe6 14. h3 Nge5 15.
Nxe5 Bxe5 16. Nd2 Rc8 17. Nf3 Bf6 18. Be3 a6 19. Bd3 Ne5 20. Nxe5 Bxe5 21. Rad1
Qh4 22. Qf3 Qe7 23. a3 b5 24. Bf4 Bxf4 25. Qxf4 Rcd8 26. Bc2 b4 27. Ba4 Rf8 28.
e5 bxc3 29. bxc3 Qc7 30. Rd6 Qa5 31. Rfd1 c4 32. Bc2 Rxd6 33. exd6 Qxc3 34. Qf2
Qxa3 35. Qb6 c3 36. Kh2 Qb2 37. Qxb2 cxb2 38. d7 Rd8 39. Rb1 Rxd7 40. Rxb2 Kg7
41. Ba4 Rd6 42. Kg3 Kf6 43. Kf3 Ke5 44. Ke3 Bc4 45. Bc2 Bb5 46. g4 Rc6 47. h4
Rc3+ 48. Kf2 Rh3 0-1

[Event "2. Rethymno Open"]
[Site "Rethymno GRE"]
[Date "2010.07.20"]
[Round "9.22"]
[White "Batsiashvili, Nino"]
[Black "Chulivska, Vita"]
[Result "1-0"]
[WhiteElo "2383"]
[BlackElo "2231"]
[PlyCount "64"]
[EventDate "2010.07.13"]
[EventType "swiss"]
[EventRounds "9"]
[EventCountry "GRE"]
[Source "lmi"]
[SourceDate "2010.07.13"]

1. d4 Nf6 2. c4 e6 3. g3 d5 4. Nf3 dxc4 5. Bg2 a6 6. a4 Nc6 7. O-O Rb8 8. e3
Be7 9. Qe2 b5 10. axb5 axb5 11. Rd1 O-O 12. Nc3 Nb4 13. Ne5 Bb7 14. e4 c6 15.
Bg5 Nd7 16. Bf4 Nxe5 17. Bxe5 Bd6 18. Bxd6 Qxd6 19. e5 Qe7 20. Ne4 Ra8 21. Qh5
Nd5 22. Nc5 Qc7 23. Rxa8 Rxa8 24. Be4 h6 25. Bb1 b4 26. Qe2 c3 27. h4 cxb2 28.
Qc2 f5 29. exf6 Nxf6 30. Qxb2 Nd5 31. Re1 Bc8 32. Qc2 Nf6 1-0

[Event "2. Rethymno Open"]
[Site "Rethymno GRE"]
[Date "2010.07.20"]
[Round "9.23"]
[White "Vuilleumier, Alexandre"]
[Black "Herbold, Manfred"]
[Result "1-0"]
[WhiteElo "2361"]
[BlackElo "2172"]
[PlyCount "107"]
[EventDate "2010.07.13"]
[EventType "swiss"]
[EventRounds "9"]
[EventCountry "GRE"]
[Source "lmi"]
[SourceDate "2010.07.13"]

1. e4 c6 2. d4 d5 3. Nc3 dxe4 4. Nxe4 Bf5 5. Ng3 Bg6 6. h4 h6 7. Nf3 Nd7 8. h5
Bh7 9. Bd3 Bxd3 10. Qxd3 e6 11. Bf4 Qa5+ 12. Bd2 Qc7 13. O-O-O Ngf6 14. Ne4
O-O-O 15. g3 Nxe4 16. Qxe4 Bd6 17. Kb1 Kb8 18. c4 c5 19. Bc3 cxd4 20. Bxd4 e5
21. Bc3 Rhe8 22. Qh7 Bf8 23. Qf5 f6 24. Rhe1 Nc5 25. b3 Rxd1+ 26. Rxd1 Rd8 27.
Rxd8+ Qxd8 28. Kc2 a5 29. Nh4 Bd6 30. Qg4 e4 31. Qd1 Nd3 32. Qe2 Qe8 33. Nf5
Nb4+ 34. Kb1 Bf8 35. g4 Qd7 36. Ng3 e3 37. fxe3 Qe6 38. a3 Nc6 39. Bb2 Bc5 40.
Ka2 a4 41. b4 Bf8 42. Nf5 b5 43. Ka1 bxc4 44. Qd1 c3 45. Bxc3 Qc4 46. Kb2 Qb5
47. e4 Kc7 48. Ne3 Bd6 49. Qf1 Qb7 50. Qc4 Kb8 51. Nf5 Ne5 52. Qg8+ Ka7 53.
Nxd6 Qd7 54. Bxe5 1-0

[Event "2. Rethymno Open"]
[Site "Rethymno GRE"]
[Date "2010.07.20"]
[Round "9.24"]
[White "Markidis, Konstantinos"]
[Black "Makka, Ioulia"]
[Result "1-0"]
[WhiteElo "2342"]
[BlackElo "2175"]
[PlyCount "75"]
[EventDate "2010.07.13"]
[EventType "swiss"]
[EventRounds "9"]
[EventCountry "GRE"]
[Source "lmi"]
[SourceDate "2010.07.13"]

1. e4 d6 2. d4 Nf6 3. f3 Nc6 4. Be3 e5 5. d5 Ne7 6. c4 a5 7. Nc3 Nd7 8. g3 f5
9. Qd2 b6 10. O-O-O Nf6 11. Nh3 fxe4 12. fxe4 Bg4 13. Re1 Qc8 14. Nf2 Bd7 15.
h4 Qb7 16. Bh3 O-O-O 17. Bxd7+ Rxd7 18. Qe2 Kb8 19. g4 c6 20. g5 Ne8 21. Kb1
Nc8 22. dxc6 Qxc6 23. Nd5 Nc7 24. Nd1 b5 25. cxb5 Nxb5 26. N1c3 Nxc3+ 27. Nxc3
Be7 28. Rc1 Rb7 29. Nd5 Qa4 30. Rc4 Qd7 31. Rhc1 Qb5 32. Qc2 Na7 33. Nxe7 Rxe7
34. Rc7 Rhe8 35. Bxa7+ Ka8 36. Bg1 Rxc7 37. Qxc7 Qa6 38. Bb6 1-0

[Event "2. Rethymno Open"]
[Site "Rethymno GRE"]
[Date "2010.07.20"]
[Round "9.27"]
[White "Paulet, Iozefina"]
[Black "Kounalakis, Evryklis"]
[Result "1/2-1/2"]
[WhiteElo "2261"]
[BlackElo "2142"]
[PlyCount "140"]
[EventDate "2010.07.13"]
[EventType "swiss"]
[EventRounds "9"]
[EventCountry "GRE"]
[Source "lmi"]
[SourceDate "2010.07.13"]

1. e4 c6 2. Nc3 d5 3. Nf3 Bg4 4. h3 Bxf3 5. Qxf3 Nf6 6. Be2 e6 7. O-O Nbd7 8.
d4 dxe4 9. Nxe4 Nxe4 10. Qxe4 Nf6 11. Qd3 Qc7 12. c3 Bd6 13. Bg5 Bh2+ 14. Kh1
Bf4 15. Bh4 g5 16. Bg3 h5 17. b4 h4 18. Bxf4 Qxf4 19. b5 g4 20. bxc6 gxh3 21.
cxb7 hxg2+ 22. Kxg2 Rb8 23. Qf3 Nd5 24. c4 Qg5+ 25. Kh1 Nf4 26. Rg1 Qf5 27.
Qc6+ Ke7 28. Bg4 Qa5 29. Qe4 Qc7 30. d5 Kf6 31. dxe6 Qxb7 32. Qxb7 Rxb7 33.
exf7 Rc7 34. Rac1 Kxf7 35. Rc3 Rh6 36. Re1 Rf6 37. Re4 Rc5 38. Rf3 Ng6 39. Be6+
Kg7 40. Rxf6 Kxf6 41. Bd5 Ra5 42. Re2 Nf4 43. Rd2 Ke5 44. Bf7 Ke4 45. Kh2 Rf5
46. Be8 Rc5 47. Bb5 Kf3 48. a4 a5 49. Ba6 h3 50. Bb7+ Kg4 51. Bd5 Rc7 52. Rb2
Nd3 53. Rb7 Rxb7 54. Bxb7 Nb2 55. c5 Nxa4 56. c6 Nb6 57. c7 a4 58. Kg1 a3 59.
Bd5 Kf4 60. Kf1 Ke5 61. Bb3 Kd6 62. Kg1 Kxc7 63. Kh2 Na4 64. Kxh3 Nc3 65. Kg4
a2 66. Bxa2 Nxa2 67. Kg5 Nc3 68. f4 Ne2 69. f5 Ng3 70. f6 Ne4+ 1/2-1/2

[Event "2. Rethymno Open"]
[Site "Rethymno GRE"]
[Date "2010.07.20"]
[Round "9.28"]
[White "Haria, Ravi"]
[Black "Soors, Stef"]
[Result "1/2-1/2"]
[WhiteElo "1884"]
[BlackElo "2259"]
[PlyCount "24"]
[EventDate "2010.07.13"]
[EventType "swiss"]
[EventRounds "9"]
[EventCountry "GRE"]
[Source "lmi"]
[SourceDate "2010.07.13"]

1. e4 e6 2. d4 d5 3. e5 c5 4. c3 Nc6 5. Nf3 Bd7 6. a3 Nge7 7. b4 cxd4 8. cxd4
b5 9. Bd3 a5 10. Nc3 Qb6 11. bxa5 Nxa5 12. O-O Nc4 1/2-1/2

[Event "2. Rethymno Open"]
[Site "Rethymno GRE"]
[Date "2010.07.20"]
[Round "9.30"]
[White "Poobalasingam, Peter S"]
[Black "Georgiou, K Andreas"]
[Result "1-0"]
[WhiteElo "2326"]
[BlackElo "1856"]
[PlyCount "57"]
[EventDate "2010.07.13"]
[EventType "swiss"]
[EventRounds "9"]
[EventCountry "GRE"]
[Source "lmi"]
[SourceDate "2010.07.13"]

1. d4 d5 2. c4 c6 3. Nf3 Nf6 4. e3 a6 5. Bd3 dxc4 6. Bxc4 b5 7. Bb3 e6 8. a4
Bb7 9. Qe2 Be7 10. O-O O-O 11. Rd1 Qc7 12. e4 Nbd7 13. Bg5 Rfe8 14. Nbd2 Bb4
15. e5 Nd5 16. Ne4 N7b6 17. a5 Nc8 18. Bc2 Nce7 19. Nh4 Ng6 20. Qg4 Nde7 21.
Nxg6 Nxg6 22. Rd3 c5 23. Rh3 cxd4 24. Qh5 h6 25. Bxh6 Qxe5 26. Bg5 f5 27. Bf6
gxf6 28. Qxg6+ Kf8 29. Rh7 1-0